Diseño y desarrollo curricular / Miguel Angel Zabaiza (Registro nro. 1820)
[ vista simple ]
| 000 -LEADER | |
|---|---|
| fixed length control field | 00564nam a22002171a 4500 |
| 001 - CONTROL NUMBER | |
| control field | 1820 |
| 003 - CONTROL NUMBER IDENTIFIER | |
| control field | OSt |
| 005 - DATE AND TIME OF LATEST TRANSACTION | |
| control field | 20260204211748.0 |
| 008 - FIXED-LENGTH DATA ELEMENTS--GENERAL INFORMATION | |
| fixed length control field | 040122s1997||||sp ||||||b||||||||||spa|| |
| 020 ## - NUMERO DE LIBRO INTERNACIONAL NORMALIZADO | |
| International Standard Book Number | 8427712251 |
| 050 ## - LIBRARY OF CONGRESS CALL NUMBER | |
| Classification number | 375.0085 T11d |
| 082 ## - DEWEY DECIMAL CLASSIFICATION NUMBER | |
| Classification number | 375.0085 T11d |
| 100 ## - ASIENTO PRINCIPAL -- NOMBRE PERSONAL | |
| Personal name | Zabaiza, Miguel Angel |
| 245 ## - TÍTULO PROPIAMENTE DICHO: SUBTÍTULO | |
| Title | Diseño y desarrollo curricular / Miguel Angel Zabaiza |
| 250 ## - MENCIÓN DE EDICIÓN | |
| Edition statement | 7 |
| 264 ## - PRODUCTION, PUBLICATION, DISTRIBUTION, MANUFACTURE, AND COPYRIGHT NOTICE | |
| Place of production, publication, distribution, manufacture | España : Narcea |
| 300 ## - PHYSICAL DESCRIPTION | |
| Extensión | 311 p. |
| 500 ## - GENERAL NOTE | |
| General note | Incluye indice y bibliografía |
| 650 ## - ASIENTO SECUNDARIO DE MATERIA -- TERMINO TEMÁTICO | |
| Termino Temático Como Elemento de Entrada | 1.Currículo 2.Diseño de CurrículoÌ |
| 942 ## - ADDED ENTRY ELEMENTS (KOHA) | |
| Source of classification or shelving scheme | Dewey Decimal Classification |
| Koha item type | Libros |
| Withdrawn status | Lost status | Source of classification or shelving scheme | Damaged status | Not for loan | Current library | Date acquired | Total Checkouts | Full call number | Barcode | Date last seen | Price effective from | Koha item type |
|---|---|---|---|---|---|---|---|---|---|---|---|---|
| Dewey Decimal Classification | Biblioteca UTECO | 09/09/2019 | 375.0085 T11D | 000200 | 09/09/2019 | 09/09/2019 | Libros | |||||
| Dewey Decimal Classification | Biblioteca UTECO | 09/09/2019 | 375.0085 T11D | 000201 | 09/09/2019 | 09/09/2019 | Libros | |||||
| Dewey Decimal Classification | Biblioteca UTECO | 09/09/2019 | 375.0085 T11D | 000202 | 09/09/2019 | 09/09/2019 | Libros | |||||
| Dewey Decimal Classification | Biblioteca UTECO | 09/09/2019 | 375.0085 T11D | 000203 | 09/09/2019 | 09/09/2019 | Libros | |||||
| Dewey Decimal Classification | Biblioteca UTECO | 09/09/2019 | 375.0085 T11D | 000204 | 09/09/2019 | 09/09/2019 | Libros |
